Discurso del método

Uloženo v:
Podrobná bibliografie
Hlavní autor: Descartes, René (autor)
Další autoři: Larroyo, Francisco (traductor)
Médium: Kniha
Jazyk:španělština
Vydáno: Ciudad de México Porrúa 1981
Vydání:8a. ed
Témata:
Tagy: Přidat tag
Žádné tagy, Buďte první, kdo vytvoří štítek k tomuto záznamu!

MARC

LEADER 00000nam a2200000 a 4500
001 UCZ1979
003 CL-VaPUC
005 20240902144224.0
008 950915e19810000MX |||||||||||||||||spa|d
999 |c 238646  |d 238644 
040 |c Pontificia Universidad Católica de Valparaíso 
082 0 4 |a 141  |b DES  |2 21 
100 |a Descartes, René  |e autor  |9 265906 
245 1 0 |a Discurso del método 
246 1 0 |a Meditaciones metafísicas 
246 1 0 |a Reglas para la dirección del espíritu 
246 1 0 |a Principios de la filosofía 
250 |a 8a. ed 
260 |a Ciudad de México  |b Porrúa  |c 1981 
300 |a 166 p 
583 |a last modification  |c 19950915 00:00:00  |k Rodrigo Vera 
650 0 |a Racionalismo  |9 259116 
650 7 |a ESCUELAS DE FILOSOFIA  |2 CL-VaPUC  |9 333048 
650 0 |a Ciencia  |9 255691 
650 0 |a Conceptos morales   |9 310606 
650 0 |a Investigación científica  |9 259857 
650 0 |a Metafísica  |9 265649 
700 1 |a Larroyo, Francisco  |e traductor  |9 863505 
942 |c BK  |2 ddc 
945 |d 19950915 00:00:00  |a cmena 
952 |0 0  |1 0  |4 0  |6 141_000000000000000_DES_1981  |7 0  |8 R  |9 248985  |a BIBEDU  |b BIBEDU  |c MCIRC  |d 2019-11-18  |i 156269K  |o 141 DES 1981  |p 156269K  |r 2023-01-13  |w 2019-11-18  |y BK_R  |k FIL